| 000 -LEADER |
| fixed length control field |
00414cam a22001337a 4500 |
| 008 - FIXED-LENGTH DATA ELEMENTS--GENERAL INFORMATION |
| fixed length control field |
180718b1963 xxu||||| |||| 00| 0 eng d |
| 082 ## - DEWEY DECIMAL CLASSIFICATION NUMBER |
| Classification number |
A6x43155 W724 |
| 100 ## - MAIN ENTRY--PERSONAL NAME |
| Personal name |
Windsor, Philip |
| 245 ## - TITLE STATEMENT |
| Title |
City on leave: a history of Berlin 1943-1962. |
| Statement of responsibility, etc. |
by Philip Windsor |
| 260 ## - PUBLICATION, DISTRIBUTION, ETC. |
| Place of publication, distribution, etc. |
London |
| Name of publisher, distributor, etc. |
Chatto & Windus |
| Date of publication, distribution, etc. |
1963 |
| 300 ## - PHYSICAL DESCRIPTION |
| Extent |
276p |
| 650 ## - SUBJECT ADDED ENTRY--TOPICAL TERM |
| Topical term or geographic name entry element |
Berlin (Germany) -History -1945-1990. |
| 650 ## - SUBJECT ADDED ENTRY--TOPICAL TERM |
| Topical term or geographic name entry element |
Berlin question (1945- ) |